000 00148 a2200085 4500
041 _aspa
245 _aEl Gran Camino Inka
942 _cBK
952 _71
999 _c24342
_d24342